<?xml version='1.0' encoding='UTF-8'?><?xml-stylesheet href='static/style.xsl' type='text/xsl'?><OAI-PMH xmlns="http://www.openarchives.org/OAI/2.0/" xmlns:xsi="http://www.w3.org/2001/XMLSchema-instance" xsi:schemaLocation="http://www.openarchives.org/OAI/2.0/ http://www.openarchives.org/OAI/2.0/OAI-PMH.xsd"><responseDate>2026-04-19T09:16:36Z</responseDate><request verb="GetRecord" identifier="oai:ebiltegia.mondragon.edu:20.500.11984/6795" metadataPrefix="marc">https://ebiltegia.mondragon.edu/oai/request</request><GetRecord><record><header><identifier>oai:ebiltegia.mondragon.edu:20.500.11984/6795</identifier><datestamp>2025-01-09T07:15:29Z</datestamp><setSpec>com_20.500.11984_473</setSpec><setSpec>col_20.500.11984_478</setSpec></header><metadata><record xmlns="http://www.loc.gov/MARC21/slim" xmlns:dcterms="http://purl.org/dc/terms/" xmlns:xsi="http://www.w3.org/2001/XMLSchema-instance" xmlns:doc="http://www.lyncode.com/xoai" xsi:schemaLocation="http://www.loc.gov/MARC21/slim http://www.loc.gov/standards/marcxml/schema/MARC21slim.xsd">
   <leader>00925njm 22002777a 4500</leader>
   <datafield ind2=" " ind1=" " tag="042">
      <subfield code="a">dc</subfield>
   </datafield>
   <datafield ind2=" " ind1=" " tag="720">
      <subfield code="a">Fernandez de Arroiabe, Peru</subfield>
      <subfield code="e">author</subfield>
   </datafield>
   <datafield ind2=" " ind1=" " tag="720">
      <subfield code="a">Martinez Agirre, Manex</subfield>
      <subfield code="e">author</subfield>
   </datafield>
   <datafield ind2=" " ind1=" " tag="720">
      <subfield code="a">Nepomnyashchy, Alexander</subfield>
      <subfield code="e">author</subfield>
   </datafield>
   <datafield ind2=" " ind1=" " tag="720">
      <subfield code="a">Bou-Ali, M. Mounir</subfield>
      <subfield code="e">author</subfield>
   </datafield>
   <datafield ind2=" " ind1=" " tag="720">
      <subfield code="a">Shevtsova, Valentina</subfield>
      <subfield code="e">author</subfield>
   </datafield>
   <datafield ind2=" " ind1=" " tag="260">
      <subfield code="c">2024-10-21</subfield>
   </datafield>
   <datafield ind2=" " ind1=" " tag="520">
      <subfield code="a">We investigate the evolution of convective instability in a LiBr-water binary mixture, driven by thermal and solutal Marangoni stresses, through numerical simulations. A small perturbation in absorption at the surface disturbs the equilibrium, generating surface tension gradients that drive Marangoni flows. To isolate and better understand the interplay between the Marangoni effect and absorption, we extended the previous study by investigating the LiBr-water binary system in the absence of gravity. For the first time, we observed the formation of a stable rim in an absorbing binary mixture, which underwent a slight contraction followed by rapid Marangoni spreading. This behavior shows similarities with the flow patterns seen in the “coffee-ring” and Marangoni spreading phenomena in evaporating binary mixtures. On the subsurface, convective motion breaks into several vortices, accompanied by the formation of plumes with reduced mass fraction. As the system evolves, the symmetry of the flow pattern around the cell center breaks down. The absence of buoyancy-driven forces eliminates a key counterforce to Marangoni flows, transforming the previously ordered patterns into non-periodic oscillations, followed by the development of non-stationary but regular patterns. These results complement our earlier findings [P. F. Arroiabe et al., Phys. Fluids 36, 022119 (2024)] where gravitational forces obscured these phenomena.</subfield>
   </datafield>
   <datafield ind1="8" ind2=" " tag="024">
      <subfield code="a">Arroiabe, Martinez-Agirre, Nepomnyashchy, Bou-Ali, &amp; Shevtsova. (2024). Marangoni-driven pattern formation in an absorbing binary mixture. Physics of Fluids, 36(10). https://doi.org/10.1063/5.0233874</subfield>
   </datafield>
   <datafield ind1="8" ind2=" " tag="024">
      <subfield code="a">1089-7666</subfield>
   </datafield>
   <datafield ind1="8" ind2=" " tag="024">
      <subfield code="a">https://katalogoa.mondragon.edu/janium-bin/janium_login_opac.pl?find&amp;ficha_no=178733</subfield>
   </datafield>
   <datafield ind1="8" ind2=" " tag="024">
      <subfield code="a">https://hdl.handle.net/20.500.11984/6795</subfield>
   </datafield>
   <datafield tag="653" ind2=" " ind1=" ">
      <subfield code="a">ODS 7 Energía asequible y no contaminante</subfield>
   </datafield>
   <datafield tag="653" ind2=" " ind1=" ">
      <subfield code="a">ODS 9 Industria, innovación e infraestructura</subfield>
   </datafield>
   <datafield tag="653" ind2=" " ind1=" ">
      <subfield code="a">ODS 13 Acción por el clima</subfield>
   </datafield>
   <datafield ind2="0" ind1="0" tag="245">
      <subfield code="a">Marangoni-driven pattern formation in an absorbing binary mixture</subfield>
   </datafield>
</record></metadata></record></GetRecord></OAI-PMH>